A Móri borvidék bemutatása és szerepe a magyar gasztronómiában

Bibliographic Details
Main Author: Farkas Attila Tamás
Other Authors: Nagy Mihály
Format: Thesis
Kulcsszavak:Móri borvidék
Móri pincészetek
Móri Bornapok
Online Access:http://dolgozattar.uni-bge.hu/20040

MARC

LEADER 00000nta a2200000 i 4500
001 dolg20040
005 20181220122814.0
008 181220suuuu hu om 000 hun d
040 |a BGE Dolgozattár Repozitórium  |b hun 
041 |a hu 
100 1 |a Farkas Attila Tamás 
245 1 2 |a A Móri borvidék bemutatása és szerepe a magyar gasztronómiában  |c Farkas Attila Tamás  |h [elektronikus dokumentum] 
246 1 1 |a A Móri borvidék bemutatása és szerepe a magyar gasztronómiában 
695 |a Móri borvidék 
695 |a Móri pincészetek 
695 |a Móri Bornapok 
700 1 |a Nagy Mihály  |e ths 
856 4 0 |u http://dolgozattar.uni-bge.hu/20040/1/Farkas%20Attila%20kz7d0j.pdf  |z Dokumentum-elérés